000 00361cam a2200121 i 4500
020 _a9781452230320 (hbk. : alk. paper)
050 0 0 _aBF201
_b.G35 2014
100 1 _aGalotti, Kathleen M.,
_d1957-
245 1 0 _aCognitive psychology in and out of the laboratory /
_cKathleen M. Galotti.
250 _aFifth Edition.
300 _axvii, 475 pages :
942 _2lcc
_cGEN
999 _c4265
_d4265